[Event "103rd ch-SUI"]
[Site "Silvaplana SUI"]
[Date "2003.07.15"]
[Round "6"]
[White "Hugentobler,P"]
[Black "Suter,S"]
[Result "1/2-1/2"]
[WhiteElo "2272"]
[BlackElo "2088"]

1.e4 e6 2.d4 d5 3.Nc3 Bb4 4.e5 Qd7 5.a3 Bxc3+ 6.bxc3 b6 7.Qg4 f5 8.Qg3 Ba6
9.Bxa6 Nxa6 10.Ne2 Rc8 11.Qd3 Qa4 12.O-O Ne7 13.Nf4 Kd7 14.Nh5 Rhg8 15.Bg5 c5
16.Bxe7 Kxe7 17.Rfc1 Nb8 18.Rab1 Nd7 19.Qd2 h6 20.Nf4 cxd4 21.cxd4 Rc4 22.c3 Rgc8
23.Ne2 R8c7 24.Qb2 Qc6  1/2-1/2

[Event "103rd ch-SUI"]
[Site "Silvaplana SUI"]
[Date "2003.07.16"]
[Round "7"]
[White "Gallagher,Jo"]
[Black "Huss,A"]
[Result "1-0"]
[WhiteElo "2520"]
[BlackElo "2331"]

1.e4 e6 2.d4 d5 3.Nc3 Bb4 4.e5 b6 5.Qg4 g6 6.Nf3 Ba6 7.Bxa6 Nxa6 8.O-O Qd7
9.Nd1 Be7 10.Ng5 h6 11.Nh3 c5 12.c3 Rc8 13.Ne3 cxd4 14.cxd4 Nb4 15.Nf4 h5
16.Qe2 Qa4 17.Bd2 Qa6 18.Qf3 Nc6 19.Bc3 b5 20.a3 Qb6 21.Rad1 a5 22.Nexd5 exd5
23.Nxd5 Qa7 24.Nxe7 Ngxe7 25.d5 b4 26.axb4 axb4 27.Bd2 Nd4 28.Qe4 Nef5 29.Bxb4 Qb6
30.Ba3 Rc2 31.Kh1 h4 32.Rc1 Ne2 33.Qa4+ Kd8 34.Qa8+ Kd7 35.Qxh8 Rxc1 36.Rxc1 Nxc1
37.Qf8 Qxf2 38.Qxf7+ Kc8 39.Qe8+ Kb7 40.Qc6+ Kb8 41.Qxc1 h3 42.gxh3 Ne3 43.Bd6+  1-0

[Event "MTO"]
[Site "Biel SUI"]
[Date "2003.07.22"]
[Round "2"]
[White "Vovsha,E"]
[Black "Tukmakov,V"]
[Result "1/2-1/2"]
[WhiteElo "2432"]
[BlackElo "2573"]

1.e4 e6 2.d4 d5 3.Nc3 Bb4 4.e5 Ne7 5.a3 Bxc3+ 6.bxc3 c5 7.h4 Qc7 8.Nf3 b6
9.h5 h6 10.Bb5+ Bd7 11.Bd3 Ba4 12.Kf1 a6 13.Rb1 Nd7 14.Rh3 Bb5 15.Bxb5 axb5
16.Rxb5 O-O 17.Nh4 cxd4 18.cxd4 Qc4+ 19.Qd3 Rfc8 20.c3 Ra4 21.f4 Nc6 22.Qxc4 Rxc4
23.Bd2 Ra4 24.f5 Rxa3 25.fxe6 fxe6 26.Ng6 Rca8 27.Rb2 Ra2 28.Rxa2 Rxa2 29.Be3 Rc2
30.Bf2 Nf8 31.Bh4 Nxg6 32.hxg6 Ra2 33.Rf3 Ra8 34.Ke2 Rf8 35.Rxf8+ Kxf8 36.Kd3 b5
37.Kc2 b4 38.Kb3 bxc3 39.Kxc3 Ke8 40.Kd3 Nb8 41.Be1 Nc6 42.Bh4  1/2-1/2

[Event "It"]
[Site "Biel SUI"]
[Date "2003.07.22"]
[Round "2"]
[White "Lutz,C"]
[Black "Pelletier,Y"]
[Result "1-0"]
[WhiteElo "2631"]
[BlackElo "2602"]

1.e4 e6 2.d4 d5 3.Nc3 Bb4 4.e5 Ne7 5.a3 Bxc3+ 6.bxc3 c5 7.Qg4 O-O 8.Bd3 f5
9.exf6 Rxf6 10.Bg5 Rf7 11.Qh5 g6 12.Qd1 Qa5 13.Bd2 Nbc6 14.Nf3 Qc7 15.dxc5 e5
16.Ng5 Rf8 17.c4 e4 18.cxd5 exd3 19.d6 Qd7 20.dxe7 Qxe7+ 21.Be3 Bf5 22.cxd3 Rad8
23.Qb3+ Kh8 24.Qc3+ Qg7 25.Qxg7+ Kxg7 26.Rb1 Rd7 27.O-O Re8 28.Ne4 Bxe4 29.dxe4 Rxe4
30.Rfd1 Rxd1+ 31.Rxd1 Kf6 32.h3 h5 33.Rd6+ Kf5 34.Rd7 Re7 35.Rd3 Ne5 36.Rd4 Rd7
37.Rf4+ Ke6 38.Ra4 Nc6 39.Re4+ Kd5 40.Rf4 Ke6 41.f3 Rd3 42.Re4+ Kd5 43.a4 Rb3
44.Kf2 Rb4 45.Rxb4 Nxb4 46.Kg3 Ke6 47.Kh4 Kf5 48.g4+ hxg4 49.fxg4+ Kf6 50.Bd4+ Kf7
51.Kg5 Nc6 52.Bc3 Nd8 53.Kh6 Ne6 54.Bb4 Kf6 55.h4 Kf7 56.a5 a6 57.g5 Nd4
58.Be1 Nf5+ 59.Kh7 Ng7 60.Bg3 Nf5 61.h5 gxh5 62.g6+ Ke6 63.g7 Nxg7 64.Kxg7 Kd5
65.Bd6 Kc6 66.Kf6 Kd7 67.Ke5 Kc6 68.Ke6 h4 69.Ke7  1-0

[Event "MTO"]
[Site "Biel SUI"]
[Date "2003.07.22"]
[Round "2"]
[White "Karjakin,Sergey"]
[Black "Papa,S"]
[Result "1-0"]
[WhiteElo "2560"]
[BlackElo "2372"]

1.e4 e6 2.d4 d5 3.Nc3 Bb4 4.e5 Ne7 5.a3 Bxc3+ 6.bxc3 c5 7.Qg4 O-O 8.Bd3 Nbc6
9.Qh5 Ng6 10.Nf3 Qc7 11.Be3 c4 12.Bxg6 fxg6 13.Qg4 Qf7 14.Ng5 Qe8 15.h4 h6
16.Nh3 b5 17.Qe2 a5 18.g4 Bd7 19.h5 gxh5 20.g5 hxg5 21.Nxg5 g6 22.Qf1 Rf5
23.Qg2 Ne7 24.Ke2 Kh8 25.Nf3 Qf7 26.Nh4 Rf8 27.Raf1 Kh7 28.Bg5 Nc6 29.f4 b4
30.axb4 axb4 31.Qh3 b3 32.Nxf5 exf5 33.Ra1 Rb8 34.Rhb1 Bc8 35.Qe3 Rb6 36.Qc1 Ba6
37.Qa3 Nxd4+ 38.cxd4 b2 39.Qxa6 Rxa6 40.Rxa6 Qb7 41.Ra3 Qb4 42.Re3 c3 43.e6 Qc4+
44.Kf2 Qa2 45.e7  1-0

[Event "ch-COL"]
[Site "Cali COL"]
[Date "2003.07.22"]
[Round "1"]
[White "Mosquera,M"]
[Black "Carvajal,No"]
[Result "0-1"]
[WhiteElo "2389"]
[BlackElo "2300"]

1.e4 e6 2.d4 d5 3.Nc3 Bb4 4.e5 Ne7 5.Bd2 c5 6.Nb5 Bxd2+ 7.Qxd2 O-O 8.dxc5 Nd7
9.f4 Nxc5 10.O-O-O Qb6 11.Bd3 Bd7 12.Nd4 a5 13.Ngf3 Rac8 14.g4 f5 15.exf6 Rxf6
16.Ne5 Ba4 17.Rhf1 Nxd3+ 18.Qxd3 Rcf8 19.Qe3 Qd6 20.Nd3 Nc6 21.g5 R6f7 22.Nxe6 Bxc2
23.Rde1 Bxd3 24.Qxd3 Nb4 25.Qb3 a4 26.Qa3 Qc6+ 27.Kb1 Qc2+ 28.Ka1 Qc4 29.b3 Nc2+
30.Kb2 Qd3 31.Rd1 Qxd1 32.Rxd1 Nxa3 33.Kxa3  0-1

[Event "ch-NED Open"]
[Site "Dieren NED"]
[Date "2003.07.22"]
[Round "1"]
[White "De Vreugt,D"]
[Black "Van Helvoort,R"]
[Result "1-0"]
[WhiteElo "2459"]
[BlackElo "2186"]

1.e4 e6 2.d4 d5 3.Nc3 Bb4 4.e5 Ne7 5.a3 Bxc3+ 6.bxc3 c5 7.h4 Qa5 8.Bd2 Nbc6
9.a4 Bd7 10.h5 h6 11.Nf3 O-O-O 12.Bb5 Qc7 13.O-O Na5 14.Bc1 a6 15.Be2 Be8
16.Ba3 cxd4 17.Bd6 Qd7 18.Nxd4 Nec6 19.Rb1 Nc4 20.Bxc4 dxc4 21.Nxc6 Qxc6
22.Qd4 f6 23.Qa7 Rxd6 24.exd6 Qd5 25.Rfd1  1-0

[Event "ch-NED Open"]
[Site "Dieren NED"]
[Date "2003.07.22"]
[Round "1"]
[White "Pannekoek,W"]
[Black "Vogel,Ja"]
[Result "0-1"]
[WhiteElo "2100"]
[BlackElo "2266"]

1.e4 e6 2.d4 d5 3.Nc3 Bb4 4.e5 b6 5.a3 Bf8 6.Nf3 Ne7 7.Bg5 h6 8.Bxe7 Bxe7
9.Bb5+ Bd7 10.Be2 c5 11.O-O Nc6 12.Re1 O-O 13.Bf1 f6 14.Ne2 fxe5 15.dxe5 Be8
16.Ng3 Bg6 17.Bd3 Qe8 18.b3 Qf7 19.Bxg6 Qxg6 20.Qe2 h5 21.h3 h4 22.Nf1 Rf4
23.Ne3 Raf8 24.Qd3 Qf7 25.Ng4 c4 26.Qd2 Qg6 27.b4 Rxf3 28.gxf3 Rxf3 29.Kg2 Qf5
30.Re3 Rf4 31.c3 Rxg4+ 32.hxg4 Qxg4+ 33.Kh2 Bg5 34.Rg1 Bf4+ 35.Kh1 Qf5 36.Qe2 Nxe5
37.Rf3 Nxf3 38.Qxf3 g5 39.a4 Kg7 40.a5 b5 41.Rg4 Kf6 42.Kg2 Ke5 43.Qe2+ Qe4+
44.Kf1 Qxe2+ 45.Kxe2 h3 46.Rg1 h2 47.Rd1 g4 48.Rh1 Ke4 49.Re1 e5  0-1

[Event "BCSA Open"]
[Site "Batumi GEO"]
[Date "2003.07.23"]
[Round "7"]
[White "Mikadze,M"]
[Black "Odisharia,T"]
[Result "0-1"]
[WhiteElo "2007"]
[BlackElo "2186"]

1.e4 e6 2.d4 d5 3.Nc3 Bb4 4.e5 Ne7 5.Nf3 c5 6.Bd2 Bxc3 7.Bxc3 b6 8.Be2 O-O
9.O-O Nbc6 10.Re1 Nf5 11.b3 f6 12.Bb5 Nce7 13.dxc5 bxc5 14.Qd2 Qb6 15.a4 Qb7
16.Bd3 Bd7 17.Qe2 Rae8 18.Nd2 Ng6 19.exf6 gxf6 20.Bxf5 exf5 21.Qf1 Nf4 22.Bb2 Kh8
23.Rxe8 Bxe8 24.f3 d4 25.Kh1 Rg8 26.g3 Nd5 27.Nc4 f4 28.Qf2 Bh5 29.Nd6 Qc6
30.Ne4 Ne3 31.Rg1 Bg6 32.Nd2 Bxc2 33.gxf4 Nd1 34.Rxg8+ Kxg8 35.Qg2+ Kf7 36.Nc4 Bxb3
37.Na5 Qxa4 38.Qd2 Nxb2 39.Qxb2 Bd5 40.Nb7 Qd1+ 41.Kg2 Qxf3+  0-1

[Event "18th Touraine Open"]
[Site "Avoine FRA"]
[Date "2003.07.25"]
[Round "7"]
[White "Lejarre,L"]
[Black "Apicella,M"]
[Result "0-1"]
[WhiteElo "2301"]
[BlackElo "2522"]

1.e4 e6 2.Nc3 d5 3.d4 Bb4 4.e5 Ne7 5.a3 Bxc3+ 6.bxc3 c5 7.h4 Qc7 8.h5 h6
9.Nf3 Bd7 10.Bd3 c4 11.Be2 Ba4 12.Bf4 Nd7 13.Rh3 O-O-O 14.Kf1 Kb8 15.Qc1 Rc8
16.Rb1 Qd8 17.Rb4 Nb6 18.Bd1 Bd7 19.Bh2 Nc6 20.Rb1 Na4 21.Nh4 Nxc3 22.Nf5 Nxb1
23.Nd6 Qb6  0-1

[Event "MTO"]
[Site "Biel SUI"]
[Date "2003.07.27"]
[Round "6"]
[White "Pikula,D"]
[Black "Tukmakov,V"]
[Result "1/2-1/2"]
[WhiteElo "2489"]
[BlackElo "2573"]

1.e4 e6 2.d4 d5 3.Nc3 Bb4 4.e5 Ne7 5.Bd2 b6 6.Bb5+ c6 7.Ba4 O-O 8.Nce2 Bxd2+
9.Qxd2 c5 10.c3 Ba6 11.Nf3 Nbc6 12.Bc2 Rc8 13.g3 Nf5 14.Bxf5 exf5 15.Rd1 Qe7
16.O-O cxd4 17.cxd4 Bxe2 18.Qxe2 Nd8 19.Qd3 g6 20.Rc1 Ne6 21.Rc2 Rc7 22.Qb3 Rfc8
23.Rxc7 Qxc7 24.Qxd5 Rd8 25.Qb3 Nxd4 26.Nxd4 Rxd4 27.e6 fxe6  1/2-1/2

[Event "IV CMA Futurity"]
[Site "Toronto CAN"]
[Date "2003.07.27"]
[Round "4"]
[White "Peredun,A"]
[Black "Milicevic,G"]
[Result "1/2-1/2"]
[WhiteElo "2306"]
[BlackElo "2348"]

1.e4 e6 2.Nc3 d5 3.d4 Bb4 4.e5 Ne7 5.Bd2 b6 6.Nf3 Qd7 7.Ne2 Bxd2+ 8.Qxd2 Ba6
9.c3 c5 10.h4 Nbc6 11.Nf4 Bxf1 12.Kxf1 h6 13.Nh5 Rg8 14.g3 Qb7 15.Kg2 Qa6
16.b3 Kd7 17.Rhd1 Rac8 18.Rac1 cxd4 19.c4 Qa5 20.Qf4 Ke8 21.Nxd4 Nxd4 22.Qxd4 Nc6
23.Qe3 d4 24.Qe2 Ke7 25.Re1 Rc7 26.Nf4 Rd8 27.Nd3 Nb4 28.Nxb4 Qxb4 29.Qd3 Qc5
30.Rcd1 h5 31.f4 g6 32.Re2 a6 33.Re4 Rcd7 34.a4 Qa3 35.Re2 Qb4 36.Re4 Qc5  1/2-1/2

[Event "6th Magistral"]
[Site "Vicente Lopez ARG"]
[Date "2003.07.28"]
[Round "5"]
[White "De Dovitiis,A"]
[Black "Rodriguez,And URU"]
[Result "0-1"]
[WhiteElo "2401"]
[BlackElo "2485"]

1.e4 e6 2.d4 d5 3.Nc3 Bb4 4.e5 Ne7 5.Bd2 b6 6.Nf3 h6 7.Nb5 Bxd2+ 8.Qxd2 O-O
9.Bd3 Ba6 10.c3 Qd7 11.Na3 Bxd3 12.Qxd3 c5 13.Nc2 Nbc6 14.O-O Rfc8 15.Rfe1 Rc7
16.Re2 Rac8 17.Rf1 Na5 18.Ne3 Qa4 19.h4 Ng6 20.g3 cxd4 21.cxd4 Qxa2 22.h5 Ne7
23.g4 Nb3 24.g5 Nc1 25.Qd2 Nxe2+ 26.Qxe2 Rc1 27.gxh6 gxh6 28.Ne1 Qb1 29.Ng4 Nf5
30.Kh2 Kh8 31.Nf6 Nxd4 32.Qd2 Nf5 33.Rg1 R1c4 34.Ng2 Qc2 35.Qe1 Qxb2  0-1

[Event "ch-NED Open"]
[Site "Dieren NED"]
[Date "2003.07.29"]
[Round "7"]
[White "Bezemer,A"]
[Black "De Jong,M"]
[Result "1/2-1/2"]
[WhiteElo "2346"]
[BlackElo "2262"]

1.e4 e6 2.d4 d5 3.Nc3 Bb4 4.e5 Ne7 5.Bd2 c5 6.a3 Bxc3 7.Bxc3 Nbc6 8.Nf3 cxd4
9.Nxd4 Nxe5 10.Nxe6 Bxe6 11.Bxe5 O-O 12.Bd3 Nc6 13.Bg3 Qf6 14.Rb1 Rac8 15.O-O Ne5
16.Bxe5 Qxe5 17.Qd2 Qf6 18.Rfe1 Rfd8 19.Qe3 b6 20.Qe5 Qxe5 21.Rxe5 g6 22.f4 d4
23.Kf2 Bc4 24.Ke2 Bd5 25.g3 Re8 26.Rxe8+ Rxe8+ 27.Kd2 f5 28.Rc1 Re7 29.c3  1/2-1/2

[Event "6th Magistral"]
[Site "Vicente Lopez ARG"]
[Date "2003.07.29"]
[Round "6"]
[White "Roselli Mailhe,B"]
[Black "De Dovitiis,A"]
[Result "0-1"]
[WhiteElo "2440"]
[BlackElo "2401"]

1.e4 e6 2.d4 d5 3.Nc3 Bb4 4.e5 Qd7 5.a3 Bxc3+ 6.bxc3 b6 7.Qg4 f5 8.Qg3 Ba6
9.Bxa6 Nxa6 10.a4 Nb8 11.a5 Nc6 12.axb6 cxb6 13.Ne2 Qf7 14.h4 Nge7 15.h5 h6
16.Nf4 Kd7 17.O-O Rhc8 18.c4 dxc4 19.Ba3 Ke8 20.Rad1 Rd8 21.Bd6 Nd5 22.Nxd5 exd5
23.e6 Qf6 24.Rfe1 Qg5 25.Qa3 f4 26.Bc7 Qe7 27.Qxe7+ Kxe7 28.Bxf4 b5 29.c3 a5
30.Bc7 b4 31.Bb6 Re8 32.Re3 Rab8 33.Bc5+ Kd8 34.f4 b3 35.f5 a4 36.Rg3 Ne7
37.Rxg7 Nxf5 38.Rd7+ Kc8 39.Ba3 Rxe6 40.Rxd5 Ne3 41.Rc5+ Kd7 42.Re1 b2 43.d5 Re4
44.Rb1 Ng4 45.g3 Rb3 46.Rxb2 Rxa3 47.Rb7+ Kd6 48.Rc6+ Kxd5  0-1

[Event "ch-NED Open"]
[Site "Dieren NED"]
[Date "2003.07.30"]
[Round "8"]
[White "Spoelman,W"]
[Black "Willemze,T"]
[Result "1/2-1/2"]
[WhiteElo "2169"]
[BlackElo "2234"]

1.e4 e6 2.d4 d5 3.Nc3 Bb4 4.e5 b6 5.a3 Bxc3+ 6.bxc3 Qd7 7.a4 Ba6 8.Bxa6 Nxa6
9.Qd3 Nb8 10.Nf3 Nc6 11.O-O Na5 12.Nd2 Ne7 13.Ba3 Nec6 14.f4 f5 15.Rab1 Kf7
16.Qh3 Rhe8 17.Rf3 Nc4 18.Nxc4 dxc4 19.Rd1 Kg8 20.Qh4 Qf7 21.Rh3 h6 22.Qf2 Kh7
23.Qe2 Qd7 24.Qxc4 Na5 25.Qb5 c6 26.Qd3 Qd5 27.g4 g6 28.Qg3 fxg4 29.Qxg4 Qe4
30.Qg5 h5 31.Rxh5+ gxh5 32.Qxh5+ Kg7 33.Rd3 Qe1+ 34.Kg2 Qe4+ 35.Kg1 Qe1+
36.Kg2 Qe4+  1/2-1/2

[Event "MTO"]
[Site "Biel SUI"]
[Date "2003.07.31"]
[Round "10"]
[White "Kritz,L"]
[Black "Tukmakov,V"]
[Result "1-0"]
[WhiteElo "2522"]
[BlackElo "2573"]

1.e4 e6 2.d4 d5 3.Nc3 Bb4 4.e5 Ne7 5.a3 Bxc3+ 6.bxc3 c5 7.Qg4 O-O 8.Bd3 f5
9.exf6 Rxf6 10.Bg5 Rf7 11.Qh5 g6 12.Qd1 Nbc6 13.Nf3 Qf8 14.O-O c4 15.Be2 h6
16.Bc1 Kh7 17.h3 Bd7 18.Nh2 e5 19.Bg4 Bf5 20.Bxf5 Nxf5 21.dxe5 Nxe5 22.Qxd5 Re8
23.Bf4 Rd7 24.Qe4 Nd6 25.Qe3 Nc6 26.Bxd6 Rxd6 27.Qc5 Qf4 28.Rae1 Rde6 29.Rxe6 Rxe6
30.Nf3 Rf6 31.Qb5 Rf7 32.Re1 Kg7 33.Qd5 Qf5 34.Qxc4 Qxc2 35.h4 Qf5 36.Re4 a6
37.Qe2 Qc5 38.Qb2 Kh7 39.c4 Qd6 40.Qc2 Rd7 41.Re1 Qd3 42.Qc1 Qf5 43.Qc3 Qd3
44.Qc1 Qf5 45.Qb2 Rf7 46.Re8 Qf6 47.Qe2 Nd4 48.Nxd4 Qxd4 49.Re7 Kg8 50.Rxf7 Kxf7
51.g3 Qa1+ 52.Kg2 Qxa3 53.Qd2 Qe7 54.Qxh6 Qe4+ 55.Kh2 Qd4 56.Kg1 a5 57.h5 Qd1+
58.Kg2 Qxh5 59.Qf4+ Ke6 60.Qc7 Qe5 61.Qxb7 Qc5 62.Qa6+ Kf5 63.Kf3 Qa3+ 64.Ke2 Qb2+
65.Kf1 Qb4 66.Qc8+ Ke5 67.c5 Kd5 68.c6 Qb5+ 69.Kg1 Qxc6 70.Qd8+ Ke6 71.Qxa5 Kf6
72.Qa1+ Kf5 73.Qg7 Qe4 74.Kh2 Kg4 75.Qf6 g5 76.Qf7 Qc6 77.Qf8 Qd5 78.Qf6 Qb7
79.Qe6+ Kh5 80.Qf5 Kh6 81.Qf6+ Kh5 82.f3 Qh7 83.Kh3  1-0

[Event "Valoz Cup"]
[Site "Olomouc CZE"]
[Date "2003.08.02"]
[Round "5"]
[White "Braslavskij,A"]
[Black "Kanovsky,D"]
[Result "1/2-1/2"]
[WhiteElo "2243"]
[BlackElo "2254"]

1.e4 e6 2.d4 d5 3.Nc3 Bb4 4.e5 Ne7 5.Qg4 c5 6.dxc5 Nbc6 7.Bd2 a6 8.Qxg7 Rg8
9.Qxh7 Nxe5 10.Be2 Bxc5 11.Nf3 Qc7 12.O-O-O Bd7 13.Nxe5 Qxe5 14.f4 Qc7 15.Bf3 O-O-O
16.g4 Ng6 17.f5 Rh8 18.Qg7 Rdg8 19.Qf6 Qe5 20.g5 Be7 21.Qxe5 Nxe5 22.Be2 Bxg5
23.Bxg5 Rxg5 24.fxe6 fxe6 25.h4 Rf5 26.Rdf1 Rxf1+ 27.Bxf1 Kc7 28.Ne2 Be8
29.Nf4 Kd6 30.Be2 Rh6 31.Kd2 Nc6 32.c3 e5 33.Ng2 Ne7 34.Ne3 Bd7 35.Ng4 Bxg4
36.Bxg4 Ng6 37.h5 Nf4 38.Ke3 b5 39.Bf3 Ke6 40.Rg1 Kf5 41.Rg8 Nxh5 42.Bxd5 Nf6
43.Rf8 Rh2 44.b4 Kg5 45.Bb3 Rh3+ 46.Kd2 Ne4+ 47.Kc2 Rxc3+ 48.Kb2 Rd3 49.Bc2 Rd4
50.a3 Nd6 51.Kc3 Nc4 52.Rf5+ Kg4 53.Rxe5 Rf4 54.Bd1+ Kg3 55.Rg5+ Kf2 56.a4 Ne3
57.Bb3 bxa4 58.Bxa4 Nf5 59.Bc2 Nd4 60.Bd3 Nc6 61.Rf5 Rxf5 62.Bxf5 Nxb4  1/2-1/2

[Event "ch-SLO"]
[Site "Bled SLO"]
[Date "2003.08.04"]
[Round "3"]
[White "Piber,Vink"]
[Black "Zorko,Ju"]
[Result "0-1"]
[WhiteElo "2017"]
[BlackElo "2219"]

1.e4 e6 2.d4 d5 3.Nc3 Bb4 4.e5 Ne7 5.a3 Bxc3+ 6.bxc3 c5 7.Qg4 O-O 8.Bd3 f5
9.exf6 Rxf6 10.Bg5 Rf7 11.Qh5 g6 12.Qd1 Nbc6 13.Nf3 Qf8 14.O-O c4 15.Be2 Nf5
16.Ne5 Nxe5 17.dxe5 h6 18.Bf6 Nd6 19.f3 Ne8 20.Bh4 Ng7 21.Qd2 Nh5 22.Bf2 Nf4
23.Bd4 Qe7 24.Kh1 Bd7 25.g3 Nxe2 26.Qxe2 Ba4 27.Qe3 Kh7 28.Bxa7 Bxc2 29.Bc5 Qd7
30.Rf2 Qa4 31.Qd2 Bd3 32.h4 d4 33.Bxd4 Qc6 34.Kh2 Rxf3 35.Rxf3 Qxf3 36.Bc5 Ra5
37.Bd4 Rb5 38.a4 Rb3 39.a5 Be4 40.Bc5 Bd5 41.Bb4 Rxb4 42.cxb4 c3 43.Qc2 Be4
44.Qa2 c2 45.Rg1 Qf2+  0-1

[Event "Stork YM"]
[Site "Hengelo NED"]
[Date "2003.08.05"]
[Round "3"]
[White "Bokros,A"]
[Black "Seifert,V"]
[Result "1-0"]
[WhiteElo "2477"]
[BlackElo "2371"]

1.e4 e6 2.d4 d5 3.Nc3 Bb4 4.e5 Ne7 5.Nf3 b6 6.a3 Bxc3+ 7.bxc3 Ba6 8.Bxa6 Nxa6
9.O-O Nb8 10.a4 Nbc6 11.Nd2 Qd7 12.Nb3 a5 13.Qd3 O-O 14.Ba3 f6 15.exf6 Rxf6
16.f4 Nf5 17.Nd2 Nd6 18.g3 Re8 19.Bxd6 Qxd6 20.Nf3 Ne7 21.Rfe1 Nf5 22.c4 Rd8
23.c3 c5 24.Rad1 cxd4 25.cxd4 Qb4 26.Ne5 dxc4 27.Qxc4 Rxd4 28.Qc8+ Qf8 29.Qc7 Qd6
30.Qxd6 Rxd6 31.Rxd6 Nxd6 32.Rc1 Rf8 33.Rc6 Ne4 34.Rxe6 Nc5 35.Rxb6 Nxa4
36.Ra6 Nc3 37.Rxa5 h6 38.Kg2 Ne4 39.Kf3 Nf6 40.g4 Rb8 41.Ra3 Nd5 42.Rd3 Rb5
43.h4 Kf8 44.Ke4 Nf6+ 45.Kf5 Ne8 46.Rd7 Rb6 47.g5 hxg5 48.hxg5 Ra6 49.Rd8 Ke7
50.Rb8 Nd6+ 51.Kg6 Nc4+ 52.Kxg7 Nxe5 53.fxe5 Ra5 54.g6 Rxe5 55.Rf8 Rg5 56.Rf1 Rg2
57.Kh7 Rh2+ 58.Kg8 Rg2 59.g7 Re2 60.Rh1 Rg2 61.Kh8 Kf7 62.Rf1+  1-0

[Event "WYol u16"]
[Site "Denizli TUR"]
[Date "2003.08.06"]
[Round "4"]
[White "Rohit,G"]
[Black "Rodshtein,M"]
[Result "1/2-1/2"]
[WhiteElo "2397"]
[BlackElo "2344"]

1.e4 e6 2.d4 d5 3.Nc3 Bb4 4.e5 Ne7 5.a3 Bxc3+ 6.bxc3 c5 7.Nf3 b6 8.Bb5+ Bd7
9.Bd3 Ba4 10.h4 h6 11.h5 c4 12.Be2 Kd7 13.O-O Qg8 14.Nh4 Qh7 15.Ra2 Na6 16.f4 g6
17.Bg4 Nf5 18.Nxf5 gxf5 19.Bf3 Nc7 20.Bd2 a5 21.Be1 Rhg8 22.Bh4 Rab8 23.Kh2 Qg7
24.Rg1 Qh7 25.Qe2 Nb5 26.Qd2 Nc7 27.Rb2 b5 28.Bf6 Ne8 29.Qe3 Rb6 30.Be2 Rb8
31.Re1 Nc7 32.Qf2 Rbe8 33.Bf3 Na8 34.Reb1 Nc7 35.Qh4 Rgf8 36.Re1 Rg8 37.Re3 Na8
38.Re2 Nc7 39.Qe1 Rb8 40.Qh4 Rbe8 41.Rb1 Rgf8 42.Rf2 Rg8 43.Re1 Na6 44.Rd2 Nb8
45.Qf2 Nc6 46.Ra1 Kc7 47.Qe3 Kd7  1/2-1/2

[Event "WYol u16"]
[Site "Denizli TUR"]
[Date "2003.08.08"]
[Round "7"]
[White "Rohit,G"]
[Black "Erdos,V"]
[Result "1/2-1/2"]
[WhiteElo "2397"]
[BlackElo "2420"]

1.e4 e6 2.d4 d5 3.Nc3 Bb4 4.e5 Ne7 5.a3 Bxc3+ 6.bxc3 c5 7.Nf3 Nbc6 8.Bd3 Qa5
9.Bd2 c4 10.Bf1 Bd7 11.h4 f6 12.h5 h6 13.g3 O-O-O 14.Bh3 Rdf8 15.a4 g5 16.exf6 Rxf6
17.Ne5 Nxe5 18.dxe5 Rf7 19.O-O Nf5 20.Kh2 Rg8 21.Qe2 Kb8 22.Rfb1 Bc6 23.Bg4 Qc5
24.Be3 Nxe3 25.fxe3 Rgf8 26.Rf1 Bd7 27.a5 Kc7 28.Rxf7 Rxf7 29.Rf1 Rxf1 30.Qxf1 Qxe3
31.Qf6 Qd2+ 32.Kh3 Qe1 33.Kh2 Qd2+ 34.Kh3 Qe1 35.Kh2  1/2-1/2

[Event "Stork YM"]
[Site "Hengelo NED"]
[Date "2003.08.09"]
[Round "9"]
[White "Middelburg,T"]
[Black "Seifert,V"]
[Result "1/2-1/2"]
[WhiteElo "2396"]
[BlackElo "2371"]

1.e4 e6 2.d4 d5 3.Nc3 Bb4 4.e5 Ne7 5.Nf3 c5 6.dxc5 Nd7 7.Bd3 Nc6 8.O-O Bxc3
9.bxc3 Ndxe5 10.Nxe5 Nxe5 11.Bf4 Nxd3 12.cxd3 O-O 13.d4 Bd7 14.Re1 f6 15.Bd6 Rf7
16.Re3 b6 17.Rb1 bxc5 18.dxc5 Qc8 19.Rb4 Qc6 20.f4 Re8 21.c4 dxc4 22.Rxc4 Bc8
23.Qa4 Bb7 24.Qxc6 Bxc6 25.Rb4 Rb7 26.Rxb7 Bxb7 27.Ra3 Ra8 28.Rb3 Bd5 29.Rb2 Rd8
30.a3 Kf7 31.Kf2 Rd7 32.Bb8 Bc6 33.Ke3 h5 34.g3 Kg6 35.Bd6 Rb7 36.Rxb7 Bxb7
37.Bf8  1/2-1/2

[Event "Open"]
[Site "Vienna AUT"]
[Date "2003.08.16"]
[Round "1"]
[White "Neumeier,K"]
[Black "Jirovec,A"]
[Result "1-0"]
[WhiteElo "2255"]
[BlackElo "2023"]

1.e4 e6 2.d4 d5 3.Nc3 Bb4 4.e5 b6 5.a3 Bf8 6.Bb5+ c6 7.Ba4 Bd7 8.Bb3 c5 9.dxc5 bxc5
10.Nxd5 Nc6 11.Nc3 Nxe5 12.Qe2 Nc6 13.Nf3 Be7 14.Bf4 Nf6 15.Rd1 O-O 16.O-O Qc8
17.Nb5 Na5 18.Nd6 Bxd6 19.Bxd6 Re8 20.Ba2 Qb7 21.b4 cxb4 22.axb4 Nc6 23.b5 Ne7
24.c4 Ne4 25.Be5 Nc5 26.Bb1 Ng6 27.Bd6 Rac8 28.Qe3 Bxb5 29.cxb5 Qxb5 30.Bxg6 hxg6
31.Ng5 Nd7 32.Qxa7 Qxg5 33.Qxd7 Ra8  1-0

[Event "14th Sommerpokal"]
[Site "Recklinghausen GER"]
[Date "2003.08.19"]
[Round "2"]
[White "Band,R"]
[Black "Siepmann,M"]
[Result "0-1"]
[WhiteElo "2040"]
[BlackElo "2103"]

1.e4 e6 2.d4 d5 3.Nc3 Bb4 4.e5 Ne7 5.a3 Bxc3+ 6.bxc3 c5 7.Nf3 b6 8.Bb5+ Bd7
9.Bd3 c4 10.Be2 Ba4 11.O-O h6 12.h4 Kd7 13.h5 Qg8 14.Nh4 Qh7 15.Ra2 Na6 16.f4 g6
17.hxg6 fxg6 18.Bg4 Nc7 19.Bh3 Raf8 20.Be3 Rhg8 21.Nf3 Nf5 22.Bxf5 Rxf5 23.Qd2 Rh8
24.Kf2 Rg8 25.Ke1 g5 26.Kd1 gxf4 27.Bxf4 Nb5 28.g3 h5 29.Kc1 h4 30.Nxh4 Rff8
31.Rh1 Qe4 32.Re1 Qh7 33.Rh1 Rg4 34.Rh2 Rfxf4 35.Nf3 Qe4 36.gxf4 Qxf3 37.Rh7+ Kc6  0-1

[Event "Independence Cup"]
[Site "Kyiv UKR"]
[Date "2003.08.20"]
[Round "8"]
[White "Marusenko,P"]
[Black "Drozdovskij,Y"]
[Result "1/2-1/2"]
[WhiteElo "2327"]
[BlackElo "2458"]

1.e4 e6 2.d4 d5 3.Nc3 Bb4 4.e5 Ne7 5.a3 Bxc3+ 6.bxc3 b6 7.Qg4 Ng6 8.h4 h5
9.Qg3 Ba6 10.Bxa6 Nxa6 11.Bg5 Qd7 12.a4 Qc6 13.Qd3 Nb8 14.Ne2 Qc4 15.Qxc4 dxc4
16.Ng3 Nc6 17.O-O Nce7 18.Ne4 Nd5 19.Rfb1 O-O 20.Ra3 f6 21.exf6 gxf6 22.Bh6 Rfb8
23.g3 Nge7 24.Bd2 Nf5 25.a5 b5 26.Nc5 Kf7 27.Na6 Rg8 28.Rxb5 Nxg3 29.fxg3 Rxg3+
30.Kf2 Rag8 31.Bg5 Rh3 32.Nxc7 Nxc7 33.Rb7 fxg5 34.Rxc7+ Kf6 35.hxg5+ Rxg5
36.Rxa7 h4 37.Rh7 Kf5 38.a6 Rh2+ 39.Kf1 Ke4 40.Rh6 e5 41.Ra5 Rh1+ 42.Kf2 Rh2+
43.Kf1 Rh1+ 44.Kf2  1/2-1/2

[Event "Open"]
[Site "Vienna AUT"]
[Date "2003.08.21"]
[Round "6"]
[White "Fruehauf,N"]
[Black "Gasiunas,N"]
[Result "1/2-1/2"]
[WhiteElo "2093"]
[BlackElo "2198"]

1.e4 e6 2.d4 d5 3.Nc3 Bb4 4.e5 Ne7 5.Bd2 b6 6.Nb5 Bxd2+ 7.Qxd2 a6 8.Na3 c5
9.c3 Nbc6 10.f4 Nf5 11.Nf3 Qe7 12.Nc2 Bd7 13.Bd3 c4 14.Bxf5 exf5 15.Ne3 Be6
16.Qf2 b5 17.Qh4 Qxh4+ 18.Nxh4 g6 19.Nf3 b4 20.Kd2 Ke7 21.a3 bxc3+ 22.bxc3 Rhb8
23.Rhb1 h6 24.Kc2 Kd7 25.Nd2 Ne7 26.Rb4 a5 27.Rxb8 Rxb8 28.Rb1 Rxb1 29.Kxb1 Kc7
30.Nf3 Bd7 31.h4 Be6 32.Kb2 Kc6 33.Nh2  1/2-1/2

[Event "23rd Open"]
[Site "Bratto ITA"]
[Date "2003.08.22"]
[Round "2"]
[White "Passoni,C"]
[Black "Del Rio Angelis,S"]
[Result "1-0"]
[WhiteElo "2246"]
[BlackElo "2479"]

1.e4 e6 2.d4 d5 3.Nc3 Bb4 4.e5 b6 5.Qg4 Bf8 6.Nf3 Qd7 7.a3 Ne7 8.Bg5 Nf5
9.Qh3 Nc6 10.O-O-O h6 11.g4 Nfe7 12.Kb1 Bb7 13.Bc1 O-O-O 14.Bd3 Kb8 15.Rhe1 a6
16.Ne2 Nc8 17.g5 N6e7 18.gxh6 gxh6 19.Bg5 Bg7 20.Bh4 c5 21.c3 cxd4 22.Nexd4 Rdg8
23.Rg1 Bf8 24.Bf6 Rxg1 25.Nxg1 Rg8 26.Bh7 Rg6 27.Bxg6 Nxg6 28.Nge2 b5 29.f4 Nb6
30.f5 exf5 31.Qxf5 Qxf5+ 32.Nxf5 Nc4 33.Ned4 Ncxe5 34.Re1 Ng4 35.Be7 Nxe7
36.Nxe7 Nxh2 37.Nef5 Kc7 38.Re8 Bc5 39.Nxh6 Bxd4 40.cxd4 Nf3 41.Re7+ Kb6
42.Nxf7 b4 43.axb4 Nxd4 44.Nd6 Bc6 45.Kc1 Ba4 46.Kd2 Kc6 47.Nf7 Nc2 48.Nd8+ Kd6
49.Re6+ Kc7 50.Rxa6 Bb5 51.Ne6+  1-0

[Event "Open"]
[Site "Vienna AUT"]
[Date "2003.08.22"]
[Round "7"]
[White "Herndlbauer,M"]
[Black "Huber,H"]
[Result "0-1"]
[WhiteElo "2152"]
[BlackElo "2069"]

1.e4 e6 2.d4 d5 3.Nc3 Bb4 4.e5 b6 5.Qg4 Bf8 6.f4 Ne7 7.Nf3 Qd7 8.Bd2 Ba6
9.Ne2 c5 10.b4 Nf5 11.Rb1 cxb4 12.Bxb4 Ne3 13.Qh3 Nxc2+ 14.Kf2 Nxb4 15.f5 Bd3
16.Nc3 Bxf5 17.Qg3 a6 18.Be2 b5 19.a3 N4c6 20.Rbc1 Bg6 21.h4 h5 22.Rhf1 Be7
23.Kg1 O-O 24.Rcd1 b4 25.Na4 Qa7 26.Kh1 Nd7 27.Bd3 Bxd3 28.Rxd3 g6 29.Qf4 Kg7
30.Ng5 Bxg5 31.Qxg5 Nxd4  0-1

[Event "Open"]
[Site "Vienna AUT"]
[Date "2003.08.23"]
[Round "8"]
[White "Neumeier,K"]
[Black "Ganaus,H"]
[Result "1/2-1/2"]
[WhiteElo "2255"]
[BlackElo "2348"]

1.e4 e6 2.d4 d5 3.Nc3 Bb4 4.e5 b6 5.a3 Bf8 6.Bb5+ c6 7.Ba4 Ne7 8.Nce2 Ba6
9.Nf3 Bb5 10.Bb3 a5 11.c3 h6 12.O-O Qc7 13.Re1 Nd7 14.Bc2 a4 15.Nf4  1/2-1/2

[Event "ch-FRA"]
[Site "Aix les Bains FRA"]
[Date "2003.08.24"]
[Round "7"]
[White "Fontaine,R"]
[Black "Apicella,M"]
[Result "0-1"]
[WhiteElo "2541"]
[BlackElo "2522"]

1.e4 e6 2.d4 d5 3.Nc3 Bb4 4.e5 Ne7 5.a3 Bxc3+ 6.bxc3 c5 7.Qg4 O-O 8.Bd3 f5
9.exf6 Rxf6 10.Bg5 Rf7 11.Qh4 g6 12.Nf3 Nbc6 13.Bf6 Qa5 14.O-O c4 15.Bxe7 Rxe7
16.Ne5 Qc7 17.Ng4 Rg7 18.Be2 h5 19.Ne3 Bd7 20.f4 Qa5 21.Qe1 Rf8 22.Qd2 Rgf7
23.g3 Ne7 24.Bf3 Nc8 25.Ng2 Nd6 26.Nh4 Rf6 27.Rae1 Nb5 28.Re3 Qxa3 29.f5 gxf5
30.Bxh5 Qe7 31.Ref3 Qg7 32.Qf4 Rh6 33.Bg6 Rxg6 34.Nxg6 Qxg6 35.g4 e5 36.dxe5 Nc7
37.e6 Nxe6 38.Qd6 Rf7 39.Qb8+ Nf8 40.Qxa7 f4 41.Rxf4 Bxg4 42.Kh1 Rxf4 43.Rxf4 Bf5  0-1